Claves del retraso y del progreso de la Argentina (Registro nro. 3001)

Detalles MARC
000 -LEADER
fixed length control field 00990 a2200265 4500
001 - CONTROL NUMBER
control field 39289
005 - DATE AND TIME OF LATEST TRANSACTION
control field 20260407155651.0
008 - FIXED-LENGTH DATA ELEMENTS--GENERAL INFORMATION
fixed length control field 260407a2011 arg spa d
003 - CONTROL NUMBER IDENTIFIER
control field AR-UNSa-BCEJYS
040 ## - CATALOGING SOURCE
Original cataloging agency AR-UNSa-BCEJYS
Language of cataloging spa
Transcribing agency AR-UNSa-BCEJYS
080 ## - UNIVERSAL DECIMAL CLASSIFICATION NUMBER
Universal Decimal Classification number 330(82)
Common auxiliary subdivision Economia Argentina
020 ## - INTERNATIONAL STANDARD BOOK NUMBER
International Standard Book Number 978-987-1826-06-3
041 ## - LANGUAGE CODE
Language code of text/sound track or separate title spa
100 1# - MAIN ENTRY--PERSONAL NAME
Personal name Llach, Juan José
245 10 - TITLE STATEMENT
Title Claves del retraso y del progreso de la Argentina
264 #1 - PRODUCTION, PUBLICATION, DISTRIBUTION, MANUFACTURE, AND COPYRIGHT NOTICE
Place of production, publication, distribution, manufacture Buenos Aires :
Name of producer, publisher, distributor, manufacturer Temas Grupo Editorial
Date of production, publication, distribution, manufacture, or copyright notice 2011
300 ## - PHYSICAL DESCRIPTION
Extent 287 p.
Dimensions 22 cm.
505 ## - FORMATTED CONTENTS NOTE
Formatted contents note 1. Cuándo, cuánto y respecto de quiénes se retrasó la Argentina - 2. Por qué se retrasó la Argentina; las hipótesis en pugna - 3. Una mirada al futuro aprendiento del pasado
590 ## - LOCAL NOTE (RLIN)
Local note niveau_biblio:m niveau_hierar:0
700 1# - ADDED ENTRY--PERSONAL NAME
Personal name Lagos, Martín
700 1# - ADDED ENTRY--PERSONAL NAME
Personal name Fracchia, Eduardo
700 1# - ADDED ENTRY--PERSONAL NAME
Personal name Marull, Fernando
856 41 - ELECTRONIC LOCATION AND ACCESS
Uniform Resource Identifier <a href="https://biblioeco.unsa.edu.ar/pmb/images/libros/L125705.jpg">https://biblioeco.unsa.edu.ar/pmb/images/libros/L125705.jpg</a>
Link text Imagen de portada
Electronic format type image/jpeg
942 ## - ADDED ENTRY ELEMENTS (KOHA)
Koha item type
Existencias
Withdrawn status Lost status Damaged status Not for loan Home library Current library Shelving location Date acquired Total checkouts Full call number Barcode Date last seen Price effective from Koha item type
        Biblioteca Prof. Eusebio Cleto del Rey Biblioteca Prof. Eusebio Cleto del Rey   07/04/2026   330(82) L177 L125705 07/04/2026 07/04/2026 Libro